| 000 | 00850 a2200241 4500 | ||
|---|---|---|---|
| 003 | OSt | ||
| 005 | 20180116192358.0 | ||
| 008 | 120702t xxu||||| |||| 00| 0 eng d | ||
| 020 | _a0714838128 (pbk) | ||
| 020 | _a9780714845180 | ||
| 040 | _c0 | ||
| 082 | _a741.6 | ||
| 100 |
_a McAlhone, Beryl. _95281 |
||
| 245 | 1 | 2 |
_aA smile in the mind : _bwitty thinking in graphic design / _cBeryl McAlhone & David Stuart. |
| 260 |
_aLondon : _b Phaidon Press, _c1998. |
||
| 300 |
_a240 p. : _bill. (some col.), ports. ; _c30 cm. |
||
| 500 | _aIncludes bibliographical references (p240) and indexes. | ||
| 650 | 1 | 0 |
_aCommercial art _xThemes, motives. _95282 |
| 650 | 1 | 0 |
_aWit and humor, Pictorial. _95283 |
| 700 | 1 |
_4Stuart, David, _d 1946 Dec. _95284 |
|
| 942 |
_aSADA _cBK _k741.6 MCA 1998 _2ddc |
||
| 999 |
_c353216 _d353216 |
||